00278nam a22001097a 4500020001800000040000900018082001600027100002600043245002600069260004700095650002600142 a9781259006852 cNUST a621.382 RAO aRao, P . Ramakrishna  aCommunication systems aNew Delhi :bMcGraw Hill Education,c2013. aCommunication systems